| 000 | 00356nam a2200145Ia 4500 | ||
|---|---|---|---|
| 008 | 230312s9999||||xx |||||||||||||| ||und|| | ||
| 020 | _a1-59200-353-2 | ||
| 082 |
_a794.8 _bSHE-C |
||
| 100 | _aStair;Ralph | ||
| 245 | 0 | _aFundamentals of Information Systems | |
| 260 |
_bThomson _aUSA _c2004 |
||
| 300 | _a474 | ||
| 650 |
_aComputer _vComputer |
||
| 942 | _cBK | ||
| 999 |
_c15445 _d15445 |
||